00927nam a22001935i 450000100060000000300090000600500170001500700030003200800410003510000410007624502770011726000710039430000210046553000350048665000250052171000740054685200240062085600890064453915ES-MaACL20250903011157.0t|960708s1858 sp ||||1| spa d1 aFernández de los Senderos, Manuel.10aDiscurso que sobre la importancia del estudio de las matemáticas y su enlace íntimo con el de las ciencias físicas y naturales, leyó el Sr. D. Manuel Fernández de los Senderos en el acto de su recepción de académico numerario de la Real Academia de Ciencias. a[Madrid : bs.n., c1858] (fImp. y Fundición de Eusebio Aguado) a14 p. ; c23 cm. aDisponible en formato digital. 7aMatemáticas2embne2 aReal Academia de Ciencias Exactas, Físicas y Naturales de España.4 aES-MaACLjT-10-F-104 uhttp://bdh-rd.bne.es/viewer.vm?id=0000125197&page=1 zBiblioteca Digital Hispánica